000
00292nam a22001097a 4500
082
_a
900/RED
100
_a
Reddy,Krishna
_9
81966
245
_a
World Histroy
_b
For UPSC and State civil services examination
260
_a
Chennai
_b
McGraw Hill
_c
2023
650
_a
World History
_9
13127
942
_c
BK
999
_c
66212
_d
66212